000 00750nam a2200253Ia 4500
003 OSt
005 20220925204853.0
006 a|||||r|||| 00| 0
007 ta
008 220923b |||||||| |||| 00| 0 eng d
020 _a9024701147
037 _cGeneral Book
040 _aRTL
_cRTL
_beng
041 _2eng
_aeng
082 _aR3xM59,4.N64, K4/SC
100 _aHUSSERL Edmund
_921145
245 0 _aIdea of phenomenology.
260 _aHague
_bMartinus Nijhoff
_c1973
300 _axxii,60p.
_ccm.
700 _a ALSTON William P Tr.
700 _a NAKHNIKIAN George
_9269150
942 _hR3xM59,4.N64, K4/SC
_cGB
_2CC
999 _c550611
_d550611